Der Zwinger zu Dresden ; Grundzuge und Schicksal seiner kunstlerischen Gestaltung.

Bibliographic Details
Main Author: Hempel, Eberhard, 1886-1967
Corporate Author: Deutscher Verein für Kunstwissenschaft
Format: Thesis Book
Language:German
Published: Berlin : Deutscher Verein fur Kunstwissenschaft, 1961.
Series:Jahresgabe des Deutschen Vereins fur Kunstwissenschaft, 1961
Subjects:

MARC

Tag First Indicator Second Indicator Subfields
LEADER 00000cam a2200000 4500
001 in00000194849
005 20151009052316.0
008 751126s1961 gw aef b 00000 ger d
035 |a (OCoLC)01855917 
035 |9 AAW0063AM 
040 |a VTU  |c VTU  |d TXA  |d UtOrBLW 
049 |a TXAM  |c [406443] 
090 |a NA4445  |b .G4 
100 1 |a Hempel, Eberhard,  |d 1886-1967. 
245 1 4 |a Der Zwinger zu Dresden ;  |b Grundzuge und Schicksal seiner kunstlerischen Gestaltung. 
264 1 |a Berlin :  |b Deutscher Verein fur Kunstwissenschaft,  |c 1961. 
300 |a 96 pages :  |b illustrations 
336 |a text  |b txt  |2 rdacontent 
337 |a unmediated  |b n  |2 rdamedia 
338 |a volume  |b nc  |2 rdacarrier 
490 0 |a Jahresgabe des Deutschen Vereins fur Kunstwissenschaft, 1961 
502 |a Bibliography: p. 94-95. 
610 2 0 |a Zwinger (Museum) 
710 2 |a Deutscher Verein für Kunstwissenschaft. 
999 |a MARS 
999 f f |s 23a67772-b7d4-3af6-a8bb-baa81b31caf1  |i 495dc4ba-92ef-3468-8656-3a25339f89eb  |t 0 
952 f f |p ric  |a Texas A&M University  |b Rellis Campus  |c Joint Library Facility  |d Remote Storage  |t 0  |e NA4445 .G4  |h Library of Congress classification  |i unmediated -- volume  |m A14803436095 
998 f f |a NA4445 .G4  |t 0  |l Remote Storage